Catálogo
 En Linea

Historia de la revolución de la República de Colombia / (Registro nro. 21605)

Detalles MARC
000 -CABECERA
campo de control de longitud fija 00629nam a2200193 u 4500
001 - NÚMERO DE CONTROL
campo de control 000022107
005 - FECHA Y HORA DE LA ÚLTIMA TRANSACCIÓN
campo de control 20200930011602.0
008 - DATOS DE LONGITUD FIJA--INFORMACIÓN GENERAL
campo de control de longitud fija 100916s1969 ck 000 0 spa d
040 ## - FUENTE DE LA CATALOGACIÓN
Centro catalogador/agencia de origen DO-SdBNP
Lengua de catalogación spa
Centro/agencia transcriptor BNPHU
082 ## - NÚMERO DE LA CLASIFICACIÓN DECIMAL DEWEY
Número de clasificación nn*
Número de documento/Ítem nn*
049 ## - FONDOS LOCALES (OCLC)
Fondos de biblioteca BNGR
100 1# - ENTRADA PRINCIPAL--NOMBRE DE PERSONA
Nombre de persona Restrepo, Jose Manuel.
9 (RLIN) 45798
245 10 - MENCIÓN DE TÍTULO
Título Historia de la revolución de la República de Colombia /
Mención de responsabilidad, etc. José Manuel Restrepo.
260 ## - PUBLICACIÓN, DISTRIBUCIÓN, ETC.
Lugar de publicación, distribución, etc. Medellín :
Nombre del editor, distribuidor, etc. Bedout,
Fecha de publicación, distribución, etc. 1969.
300 ## - DESCRIPCIÓN FÍSICA
Extensión v. : ;
Dimensiones 18 cm.
490 1# - MENCIÓN DE SERIE
Mención de serie Bolsibros Bedout
Designación de volumen o secuencia 48, 49, 50, 51, 52
500 ## - NOTA GENERAL
Nota general La biblioteca sólo posee 5 volumenes.
830 #0 - PUNTO DE ACCESO ADICIONAL DE SERIE-TÍTULO UNIFORME
Título uniforme Bolsibros Bedout
Designación de volumen o secuencia 48, 49, 50, 51, 52
9 (RLIN) 45799
Existencias
Estado de retiro Estado de pérdida Restricciones de uso No para préstamo Código de colección Localización permanente Ubicación/localización actual Ubicación en estantería Fecha de adquisición Número de inventario Total de préstamos Signatura topográfica completa Código de barras Fecha visto por última vez Precio válido a partir de Tipo de ítem Koha
        Monografías: Libros y Folletos General General En catalogación 16.09.2010 LF1   v. 1 22107-10 25.06.2020 25.06.2020 Préstamo en sala
        Monografías: Libros y Folletos General General En catalogación 16.09.2010 LF1   v. 2 22107-20 25.06.2020 25.06.2020 Préstamo en sala
        Monografías: Libros y Folletos General General En catalogación 16.09.2010 LF1   v. 3 22107-30 25.06.2020 25.06.2020 Préstamo en sala
        Monografías: Libros y Folletos General General En catalogación 16.09.2010 LF1   v. 4 22107-40 25.06.2020 25.06.2020 Préstamo en sala

Con tecnología Koha